000 00823nam a22002297a 4500
999 _c5014
_d5014
003 AR-CdUCM
008 190311b ||||| |||| 00| 0 spa d
040 _aMUNICIPALIDAD PROVINCIAL DEL CUSCO
_cBIBLIOTECA MUNICIPAL DEL CUSCO
082 _a985.05 /
_bP19
100 _aPalacios Rodriguez, Raúl
_915333
245 _aEl Perú Republicano y Moderno :
_b1868-1968 /
260 _aLima :
_bLibrería Studium ;
_c1989.
300 _a574 páginas ;
_bFotografías, cuadros, mapas
_c23cm
505 _aContenido: El quehacer político -- La actividad económica -- El desarrollo social y aspectos conexos...
650 _aInstitucionalidad
_915334
650 _aGuerra civil
_91772
650 _aPolítica
_9291
650 _aEconomía
_9382
650 _aDesarrollo social
_91131
942 _2ddc
_cLIBROS
945 _anom